Efficient use of energy sources in neeting heat demand <the> potential for energy conservation and fuel substitution in the ECE region

Salvato in:
Dettagli Bibliografici
Natura: Libro
Lingua:inglese
Pubblicazione: New York United Nations 1984
Tags: Aggiungi Tag
Nessun Tag, puoi essere il primo ad aggiungerne!!

MARC

LEADER 00000nam a2200000 4500
001 c109165
005 20041019155143.4
041 0 |a eng 
044 |a US 
245 1 0 |a Efficient use of energy sources in neeting heat demand  |b <the> potential for energy conservation and fuel substitution in the ECE region 
264 1 |a New York  |b United Nations  |c 1984 
300 |a 183 s.